Authors of the Augustan Age and the Age of Transition - Statistics

General Stats
  • This quiz has been taken 9 times
  • The average score is 7 of 21
Answer Stats
Hint Answer % Correct
Daniel Defoe Robinson Crusoe
100%
Gullivers Travels
75%
Dictionary of the English Language
50%
Dunciad
50%
Journal of the Plague year
50%
Alexander Pope Rape of the Lock
50%
Jonathan Swift Battle of the Books
25%
Thomas Gray Elegy Written in a Country Churchyard
25%
Epistle to Dr. Arthbuthnot
25%
Dr. Samuel Johnson Preface to Shakespeare
25%
Roxana
25%
The Adventurer
25%
John Gay The Beggar's Opera
25%
The Guardian
25%
The Idler
25%
Joseph Addison The Spectator
25%
Translation of Iliad and Odyssey
25%
The Bard
0%
The Progress of Poesy
0%
The Rambler
0%
Richard Steele The Tatler
0%
No matching quizzes found
Score Distribution
Percent of People with Each Score
Percentile by Number Answered
Your Score History
You have not taken this quiz